Devinez la langue grâce au mot chat - Statistiques

Statistiques générales
  • Ce quiz a été pris 102 fois
  • Le résultat moyen est 10 sur 20
Statistiques - réponses
Chat Langue(s) % Correct
Cat Anglais
100%
Chat Français
100%
Gato Espagnol/Portugais
99%
Gatto Italien
82%
Katze Allemand
78%
кот Russe
68%
ねこ Japonais
57%
고양이 Coréen
56%
قط Arabe
52%
Mandarin
52%
γάτα Grec
49%
חתול Hébreu
44%
Kat Néerlandais
42%
گربه Persan
36%
बिल्ली Hindi
35%
بلی Ourdou
15%
বিড়াল Bengali
14%
Kedi Turc
14%
Kissa Finnois
13%
Paka Swahili
5%
Aucun quiz correspondant
Distribution des résultats
% des personnes avec chaque résultat
Percentile par nombre de réponses
Votre historique - résultats
Vous n’avez pas pris ce quiz